モノレールが通る都市サドンデス - Statistics

General Stats
  • This quiz has been taken 62 times
  • The average score is 6 of 11
Answers on the Grid
Answers color-coded by a green-red scale on the quiz's grid according to % correct below.
札幌市
港区
江東区
八王子市
町田市
日野市
立川市
国立市
東大和市
東村山市
武蔵村山市
横浜市
鎌倉市
藤沢市
四街道市
名古屋市
大阪市
豊中市
箕面市
守口市
寝屋川市
広島市
高松市
北九州市
福岡市
糸満市
浦添市
宜野湾市
 
Answer Stats
Answer % Correct
立川市
67%
豊中市
67%
日野市
61%
藤沢市
61%
北九州市
61%
港区
59%
鎌倉市
59%
浦添市
53%
東大和市
43%
八王子市
41%
守口市
41%
No matching quizzes found
Score Distribution
Percent of People with Each Score
Percentile by Number Answered
Your Score History
You have not taken this quiz